[Event "Titled Tue 27th May Late"]
[Site "chess.com INT"]
[Date "2025.05.27"]
[Round "6"]
[White "Kislinsky, Alexey"]
[Black "Perez Rojas, Jorge"]
[Result "1-0"]
[WhiteTitle "GM"]
[BlackTitle "FM"]
[WhiteElo "2350"]
[BlackElo "2100"]
[WhiteFideId "14108801"]
[BlackFideId "3452093"]
[EventDate "2025.05.27"]

1. d4 d5 2. c4 e6 3. Nf3 c6 4. e3 f5 5. g3 Nf6 6. Bg2 Bd6 7. O-O O-O 8. b3 Qe7
9. a4 Ne4 10. Ba3 Nd7 11. Bxd6 Qxd6 12. Nbd2 b6 13. a5 Bb7 14. a6 Bc8 15. Qc2
Nb8 16. Rfc1 Nxa6 17. Ne5 Bb7 18. Nxe4 fxe4 19. Qe2 Nb4 20. c5 bxc5 21. Rxc5 a5
22. Rcxa5 Rxa5 23. Rxa5 Ra8 24. Rxa8+ Bxa8 25. Qb2 c5 26. Qa3 Bb7 27. Qa7 cxd4
28. Qxb7 Qxe5 29. Qxb4 d3 30. Bf1 Qa1 31. Qd4 Qc1 32. Kg2 d2 33. Be2 Qe1 34. Bg4
Kf7 35. Qa7+ Kf6 36. Qd4+ Ke7 37. Qxg7+ Kd6 38. Qd4 h5 39. Bxh5 Qc1 40. b4 Qc2
41. Be2 Qc1 42. b5 Qe1 43. Bg4 1-0

[Event "Titled Tue 27th May Late"]
[Site "chess.com INT"]
[Date "2025.05.27"]
[Round "6"]
[White "Noroozi, Omid"]
[Black "Hernandez Leon, Sergio"]
[Result "1-0"]
[WhiteTitle "IM"]
[BlackTitle "CM"]
[WhiteElo "2266"]
[BlackElo "2106"]
[WhiteFideId "12501190"]
[BlackFideId "2285622"]
[EventDate "2025.05.27"]

1. c4 e5 2. Nc3 Nc6 3. Nf3 g6 4. d4 exd4 5. Nd5 Bg7 6. Bg5 f6 7. Bf4 d6 8. Nxd4
Nge7 9. Nb5 Nxd5 10. cxd5 Ne5 11. Rc1 O-O 12. Nxc7 Rb8 13. e3 Bg4 14. f3 Bd7 15.
Ne6 Bxe6 16. dxe6 Qa5+ 17. Qd2 Qxd2+ 18. Kxd2 Rfe8 19. Bxe5 fxe5 20. Bc4 Kf8 21.
Bd5 Rec8 22. Kd3 Ke7 23. Rxc8 Rxc8 24. h4 Rc5 25. e4 b5 26. h5 g5 27. b4 Rc7 28.
a4 bxa4 29. Ra1 h6 30. Rxa4 Bf6 31. Ra6 Bg7 32. b5 Bf8 33. b6 axb6 34. Rxb6 Ra7
35. Rb8 Rc7 36. g3 Bg7 37. Rg8 Bf8 38. Rh8 Bg7 39. Ra8 Bf8 40. Bc4 Rb7 41. Kc3
Bg7 42. Bd5 Rc7+ 43. Kb4 Kf6 44. Kb5 g4 45. fxg4 Kg5 46. Kb6 Re7 47. Kc6 Kxg4
48. Kxd6 Bf6 49. Rg8+ Bg5 50. Rxg5+ Kxg5 51. Kxe7 1-0

[Event "Titled Tue 27th May Late"]
[Site "chess.com INT"]
[Date "2025.05.27"]
[Round "6"]
[White "Chernobay, Artem"]
[Black "Tang, Andrew"]
[Result "1-0"]
[WhiteTitle "GM"]
[BlackTitle "GM"]
[WhiteElo "2454"]
[BlackElo "2529"]
[WhiteFideId "4167406"]
[BlackFideId "2059630"]
[EventDate "2025.05.27"]

1. d4 d5 2. c4 e6 3. Nc3 Be7 4. cxd5 exd5 5. Qc2 c6 6. Bf4 Nf6 7. e3 Nh5 8. Be5
Nd7 9. Nf3 O-O 10. Bd3 g6 11. O-O Nxe5 12. Nxe5 Ng7 13. Rab1 a5 14. Rbd1 Bd6 15.
e4 Ne6 16. Nf3 dxe4 17. Nxe4 Bc7 18. Bc4 Nf4 19. Ne5 Be6 20. Nc5 Bd5 21. f3 Bxe5
22. dxe5 Qb6 23. Bxd5 cxd5 24. Qf2 Rfc8 25. Nd7 Qxf2+ 26. Rxf2 Rc6 27. Nf6+ Kg7
28. Nxd5 Ne6 29. Rfd2 Rc5 30. g3 g5 31. f4 Kg6 32. Ne7+ Kg7 33. f5 Nf8 34. Rd5
Rc7 35. Rd8 Rxd8 36. Rxd8 Nd7 37. e6 Ne5 38. f6+ Kh6 39. Ng8+ Kh5 40. e7 Rc1+
41. Kf2 Ng4+ 42. Ke2 Rc2+ 43. Kd3 Rxb2 44. e8=Q Kg6 45. Ne7+ Kxf6 46. Nd5+ Kg6
47. Qe4+ Kh5 48. Qxh7+ Nh6 49. Nf6# 1-0

[Event "Titled Tue 27th May Late"]
[Site "chess.com INT"]
[Date "2025.05.27"]
[Round "6"]
[White "Sailer, Mike"]
[Black "Sukandar, Irine Kharisma"]
[Result "0-1"]
[BlackTitle "IM"]
[WhiteElo "2108"]
[BlackElo "2330"]
[WhiteFideId "2012901"]
[BlackFideId "7101937"]
[EventDate "2025.05.27"]

1. d4 c5 2. e3 Nf6 3. Nf3 g6 4. Be2 Bg7 5. O-O b6 6. b3 Bb7 7. Bb2 O-O 8. c4
cxd4 9. Bxd4 Nc6 10. Bb2 d6 11. Nc3 Rc8 12. Nd5 Nxd5 13. cxd5 Bxb2 14. dxc6 Bxc6
15. Rb1 Bg7 16. Nd4 Be4 17. Rc1 Rc5 18. b4 Rxc1 19. Qxc1 Qa8 20. f3 Rc8 21. Qd2
Bxd4 22. fxe4 Be5 23. Qd5 Qxd5 24. exd5 Rc2 25. Kf2 Rxa2 26. Rc1 Bxh2 27. b5 Be5
28. Rc7 Bf6 29. Kf3 h5 30. Rb7 Kg7 31. Rc7 Ra3 32. Rb7 g5 33. Rc7 Kg6 34. Kf2 g4
35. g3 Bg5 36. e4 Kf6 37. Rc8 Be3+ 38. Kg2 Ra2 39. Kf1 Bd4 40. Rh8 Be5 41. Rxh5
Bxg3 42. Rf5+ Kg6 43. Bxg4 Be5 44. Ke1 Bc3+ 45. Kd1 Bf6 46. Be2 Ra4 47. Bh5+ Kg7
48. Bf3 Rb4 49. Be2 Rxe4 50. Rf3 Rb4 51. Ra3 Bg5 52. Rxa7 Rd4+ 53. Ke1 Rxd5 54.
Rb7 Bh4+ 55. Kf1 Rf5+ 56. Kg1 Kf6 57. Bd3 Rf4 58. Rxb6 Bf2+ 59. Kg2 Bxb6 0-1

[Event "Titled Tue 27th May Late"]
[Site "chess.com INT"]
[Date "2025.05.27"]
[Round "6"]
[White "Moreira, Ronaldo Alonso"]
[Black "Buchenau, Frank"]
[Result "1-0"]
[BlackTitle "FM"]
[WhiteElo "2097"]
[BlackElo "2190"]
[WhiteFideId "2110547"]
[BlackFideId "4604350"]
[EventDate "2025.05.27"]

1. d4 e6 2. c4 Nf6 3. Nc3 Bb4 4. Bd2 b6 5. e3 Bb7 6. Nf3 O-O 7. Bd3 d5 8. cxd5
exd5 9. Ne5 Nbd7 10. f4 c5 11. O-O c4 12. Bc2 a6 13. Be1 b5 14. Bh4 Be7 15. a3
Rb8 16. Rf3 Ne4 17. Bxe7 Qxe7 18. Rh3 g6 19. Qg4 f5 20. Qh4 Qxh4 21. Rxh4 Nxe5
22. fxe5 Bc6 23. Rf4 a5 24. Raf1 b4 25. Nxe4 fxe4 26. Rxf8+ Rxf8 27. Rxf8+ Kxf8
28. axb4 axb4 29. Kf2 c3 30. bxc3 bxc3 31. Ke1 Bb5 32. Kd1 Bf1 33. g3 Bd3 34.
Bb3 Ke7 35. Bxd5 Kd7 36. Bg8 h6 37. Bb3 g5 38. d5 Ke7 39. Bc2 Kd7 40. Kc1 Ke7
41. Bd1 Kd7 42. Bg4+ Ke7 43. h4 gxh4 44. gxh4 Kf7 45. d6 Ke8 46. e6 Bb5 47. Bh5+
Kf8 48. e7+ Kg7 49. e8=Q Bxe8 50. Bxe8 Kf6 51. d7 Ke7 52. Kc2 Kd8 53. Kxc3 Ke7
54. Kd4 1-0

[Event "Titled Tue 27th May Late"]
[Site "chess.com INT"]
[Date "2025.05.27"]
[Round "6"]
[White "Montiel, Angel Nathanael"]
[Black "George, Kevin"]
[Result "0-1"]
[WhiteTitle "CM"]
[BlackTitle "IM"]
[WhiteElo "2011"]
[BlackElo "2301"]
[WhiteFideId "3706923"]
[BlackFideId "10669515"]
[EventDate "2025.05.27"]

1. b3 e5 2. Bb2 Nc6 3. Nf3 e4 4. Nd4 Nf6 5. Nxc6 dxc6 6. g3 Bc5 7. Bg2 Bf5 8.
O-O Bd4 9. Nc3 Qd7 10. d3 e3 11. fxe3 Bxe3+ 12. Kh1 O-O-O 13. Na4 Ng4 14. Qe1 h5
15. Bf3 Rh7 16. Bc1 Bxc1 17. Qxc1 h4 18. Qf4 hxg3 19. Nc5 Rxh2+ 20. Kg1 Qd4+ 21.
Qxd4 Rxd4 22. Bxg4 Bxg4 23. Rxf7 b6 24. c3 Rd5 25. Rxg7 Rxc5 26. Rxg4 Rxc3 27.
Rxg3 Rxe2 28. Rf1 Re7 29. Rf2 Rd7 30. Rd2 Rf7 31. Kg2 Kb7 32. Rg4 c5 33. Rc4
Rxc4 34. dxc4 Kc6 35. a4 a6 36. Rd3 b5 37. axb5+ axb5 38. cxb5+ Kxb5 39. Rh3 Kb4
40. Re3 Rd7 41. Kf2 Rd2+ 42. Ke1 Rd7 43. Re5 c6 44. Ke2 Rd5 45. Re6 Kxb3 46.
Rxc6 c4 47. Ke1 c3 48. Ke2 c2 49. Rb6+ Kc3 50. Rc6+ Kb2 51. Rb6+ Kc1 52. Ke1
Re5+ 53. Kf2 Kd2 54. Rd6+ Kc3 55. Rc6+ Kd3 56. Rd6+ Kc4 0-1

[Event "Titled Tue 27th May Late"]
[Site "chess.com INT"]
[Date "2025.05.27"]
[Round "6"]
[White "Povshednyi, Ivan"]
[Black "Terry, Renato"]
[Result "0-1"]
[WhiteTitle "FM"]
[BlackTitle "IM"]
[WhiteElo "2320"]
[BlackElo "2508"]
[WhiteFideId "14190907"]
[BlackFideId "3803457"]
[EventDate "2025.05.27"]

1. d4 e6 2. c4 Bb4+ 3. Nc3 f5 4. e3 Nf6 5. Ne2 O-O 6. a3 Be7 7. g3 d6 8. Bg2 c6
9. e4 e5 10. O-O fxe4 11. dxe5 dxe5 12. Qxd8 Rxd8 13. Nxe4 Be6 14. b3 Nbd7 15.
N2c3 Nc5 16. Nxc5 Bxc5 17. Rb1 Bf5 18. Ra1 Rd3 19. Na4 Bd4 20. Ra2 Rxb3 21. Bb2
Bxb2 22. Rxb2 Rxb2 23. Nxb2 Rd8 24. Re1 Rd2 25. Na4 Nd7 26. h3 Kf7 27. Nc3 Rd3
28. Ne4 Bxe4 29. Bxe4 Rxa3 30. Bf5 Nb6 31. c5 Nd5 32. Bc8 b5 33. cxb6 Nxb6 34.
Bb7 c5 35. Rxe5 c4 36. Rc5 c3 37. Be4 h6 38. h4 Ke6 39. Kg2 Kd6 40. Rc6+ Ke5 41.
Bh7 Nd5 42. Rc4 Ra2 43. Re4+ Kd6 44. Rd4 Kc5 45. Rd1 Ne3+ 46. Kf3 Nxd1 0-1

[Event "Titled Tue 27th May Late"]
[Site "chess.com INT"]
[Date "2025.05.27"]
[Round "6"]
[White "Eljanov, Pavel"]
[Black "Panarin, Mikhail"]
[Result "1-0"]
[WhiteTitle "GM"]
[BlackTitle "GM"]
[WhiteElo "2668"]
[BlackElo "2562"]
[WhiteFideId "14102951"]
[BlackFideId "4153251"]
[EventDate "2025.05.27"]

1. d4 Nf6 2. Nf3 c5 3. d5 d6 4. Nc3 e6 5. e4 exd5 6. exd5 Be7 7. Bb5+ Bd7 8. a4
O-O 9. h3 Bxb5 10. axb5 Nbd7 11. O-O Nb6 12. Re1 Ne8 13. Na4 Bf6 14. Nxb6 Qxb6
15. c4 a6 16. Bd2 Qd8 17. Qb3 Nc7 18. b6 Ne8 19. Re2 h5 20. Ba5 g6 21. Rae1 Ng7
22. Qa4 Qc8 23. b4 Nf5 24. Re4 Nd4 25. Nxd4 Bxd4 26. Qd1 Qf5 27. Qd2 Kh7 28.
bxc5 Bxc5 29. g4 Qf3 30. R1e3 Bxe3 31. Rxe3 Qf4 32. Bc3 Rae8 33. Qe1 Rxe3 34.
fxe3 Qxc4 35. Bb2 Re8 36. Qf2 Qxd5 37. Qf6 Re5 38. Bxe5 dxe5 39. Qe7 Kg7 40. g5
Qe6 41. Qxb7 Qxh3 42. Qc7 Qxe3+ 43. Kf1 Qf3+ 44. Ke1 Qe3+ 45. Kd1 Qd3+ 46. Kc1
Qe3+ 47. Kb2 1-0

[Event "Titled Tue 27th May Late"]
[Site "chess.com INT"]
[Date "2025.05.27"]
[Round "6"]
[White "Denishev, Marat"]
[Black "Jahnz, Laurin"]
[Result "1-0"]
[WhiteTitle "FM"]
[BlackTitle "CM"]
[WhiteElo "2111"]
[BlackElo "2233"]
[WhiteFideId "24131563"]
[BlackFideId "16261089"]
[EventDate "2025.05.27"]

1. d4 d5 2. c4 e6 3. Nf3 c6 4. Nc3 f5 5. Bf4 Nf6 6. e3 Be7 7. Bd3 O-O 8. O-O Ne4
9. h3 Nd7 10. Qc2 g5 11. Bh2 Rf7 12. Ne5 Nxe5 13. Bxe5 Bf6 14. Bxf6 Qxf6 15. f3
Nxc3 16. Qxc3 Rg7 17. e4 f4 18. e5 Qe7 19. b4 Bd7 20. a4 h5 21. Kf2 g4 22. hxg4
Qh4+ 23. Ke2 Qg3 24. gxh5 Qxg2+ 25. Rf2 Qh3 26. Bg6 Be8 27. Rg1 Bxg6 28. hxg6
Qf5 29. Rfg2 Rd8 30. c5 Kf8 31. Rg4 Ke7 32. Qd2 Rf8 33. Qd1 Rfg8 34. Qd3 Qh5 35.
b5 Qh2+ 36. R4g2 Qh5 37. bxc6 bxc6 38. Qb1 Rd8 39. Qb7+ Rd7 40. Qxc6 Qf5 41. Kd2
Qh3 42. Rf2 Qh4 43. Ke2 Qh5 44. Qb5 Rxg6 45. Rc1 Rg8 46. c6 Rc7 47. Qc5+ Kf7 48.
Qd6 Rgc8 49. Rg2 Qf5 50. Rh2 Qg6 51. Kd2 Qg3 52. Rch1 Qxf3 53. Rh7+ Kg8 54.
Qxe6+ 1-0

[Event "Titled Tue 27th May Late"]
[Site "chess.com INT"]
[Date "2025.05.27"]
[Round "6"]
[White "Yushko, Olga"]
[Black "Modric, Nesa"]
[Result "0-1"]
[WhiteTitle "WFM"]
[BlackTitle "CM"]
[WhiteElo "2036"]
[BlackElo "2088"]
[WhiteFideId "14114500"]
[BlackFideId "922579"]
[EventDate "2025.05.27"]

1. d4 d5 2. c4 e6 3. cxd5 exd5 4. Nc3 Nf6 5. Bg5 Nbd7 6. e3 Be7 7. Bd3 O-O 8.
Nge2 c6 9. O-O Ne4 10. Bf4 f5 11. f3 Nxc3 12. Nxc3 Nf6 13. Qc2 g6 14. Rad1 Bd6
15. Bh6 Re8 16. Bg5 Kg7 17. Bh4 Qc7 18. Bxf6+ Kxf6 19. g3 Kg7 20. Rfe1 Bxg3 21.
hxg3 Qxg3+ 22. Qg2 Qh4 23. Qh2 Qg5+ 24. Kf2 Be6 25. Rg1 Qf6 26. Rh1 h5 27. Rhg1
Kf7 28. Rg2 Rg8 29. Rdg1 Rae8 30. Rg5 c5 31. Qe5 Qxe5 32. dxe5 d4 33. exd4 cxd4
34. Ne2 Bxa2 35. Nxd4 Rxe5 36. Ra1 Rd8 37. Rxa2 Rxd4 38. Ra3 a6 39. Rc3 Kf6 40.
Rg1 g5 41. Rgc1 g4 42. Rb3 Rf4 43. Be2 h4 44. Rb6+ Kg5 45. Rc7 g3+ 46. Ke1 Rxf3
47. Rbxb7 Rfe3 48. Rg7+ Kf4 49. Rb4+ R5e4 50. Rxe4+ Rxe4 51. Rh7 g2 52. Kf2
Rxe2+ 53. Kg1 Kg3 54. Rg7+ Kh3 55. Rxg2 Rxg2+ 56. Kh1 Rxb2 57. Kg1 Kg3 58. Kf1
h3 0-1

[Event "Titled Tue 27th May Late"]
[Site "chess.com INT"]
[Date "2025.05.27"]
[Round "6"]
[White "Klukin, Kirill"]
[Black "Becking, Stephan"]
[Result "1/2-1/2"]
[WhiteTitle "IM"]
[BlackTitle "IM"]
[WhiteElo "2407"]
[BlackElo "2410"]
[WhiteFideId "24199273"]
[BlackFideId "4632478"]
[EventDate "2025.05.27"]

1. d4 Nf6 2. Nf3 d5 3. c4 e6 4. Nc3 c6 5. e3 Nbd7 6. Qc2 Bd6 7. Bd3 e5 8. cxd5
cxd5 9. dxe5 Nxe5 10. Bb5+ Bd7 11. Nxe5 Bxe5 12. Bxd7+ Qxd7 13. O-O O-O 14. Rd1
Rac8 15. Qe2 Bxc3 16. bxc3 Qc6 17. Bb2 Ne4 18. Rd4 Nxc3 19. Bxc3 Qxc3 20. Rad1
Rfd8 21. h3 h6 22. e4 Qc7 23. exd5 Rd6 24. Qf3 Rcd8 25. g3 Qe7 26. Kg2 Qf6 27.
Qb3 b6 28. h4 Qe5 29. R1d3 Rc8 30. Qb4 Rcd8 31. Re4 Qf5 32. g4 Qf6 33. Red4 Qxh4
34. Qa4 Qe7 35. Qd1 Qe5 36. a4 Qe7 37. Qf3 Qd7 38. Qg3 Rg6 39. d6 h5 40. g5 f6
41. f4 fxg5 42. fxg5 Qf5 43. Rd5 Qd7 44. Qf3 Qf7 45. Qxh5 Re6 46. Qxf7+ Kxf7 47.
Kg3 Ke8 48. Kg4 Kd7 49. R3d4 Rc8 50. Rf5 Rxd6 51. Rf7+ Ke6 52. Rxd6+ Kxf7 53.
Rd7+ Kg6 54. Rd6+ Kf7 55. Rd7+ Kg6 56. Rxa7 Rc4+ 57. Kf3 Kxg5 58. Rxg7+ Kf6 59.
Ra7 Ke6 60. Ke3 Kd6 61. Kd3 Rh4 62. Kc3 Kc6 63. Kb3 Rh3+ 64. Kb2 Rh2+ 65. Kb3
Rh3+ 66. Kb4 Rh4+ 67. Kb3 Rh3+ 1/2-1/2

[Event "Titled Tue 27th May Late"]
[Site "chess.com INT"]
[Date "2025.05.27"]
[Round "6"]
[White "Pham, Le Thao Nguyen"]
[Black "Rustamov, Rustam"]
[Result "0-1"]
[WhiteTitle "IM"]
[BlackTitle "FM"]
[WhiteElo "2388"]
[BlackElo "2323"]
[WhiteFideId "12401226"]
[BlackFideId "13440110"]
[EventDate "2025.05.27"]

1. d4 Nf6 2. Nf3 e6 3. Bf4 d5 4. e3 Bd6 5. Bg3 O-O 6. Nbd2 c5 7. c3 Nc6 8. Bd3
Qe7 9. Ne5 Ne8 10. f4 f5 11. O-O Nf6 12. Bh4 Qe8 13. Bxf6 Rxf6 14. g4 Bxe5 15.
dxe5 Rf8 16. Qf3 Ne7 17. Qh3 Bd7 18. Nf3 Qg6 19. g5 Qf7 20. Rf2 g6 21. Qg3 Bc6
22. h4 d4 23. exd4 Bxf3 24. Qxf3 cxd4 25. cxd4 Rad8 26. Qxb7 Rxd4 27. Bc2 Nd5
28. Qxf7+ Rxf7 29. Raf1 Ne3 30. Re1 Nxc2 31. Rxc2 Rxf4 32. Rc8+ Kg7 33. Re8 Rg4+
34. Kf1 Rxh4 35. Rxe6 Rf4+ 36. Kg2 Rg4+ 37. Kf3 Rd7 38. Rd6 Re7 39. e6 Rxg5 40.
Kf4 Kf6 41. Ra6 Rg4+ 42. Kf3 h5 43. a3 h4 44. b4 Rg3+ 45. Kf2 Rb3 46. Rc1 Rxe6
47. Rxe6+ Kxe6 48. Rc6+ Ke5 49. Ra6 g5 50. Rxa7 h3 51. Rh7 g4 0-1

[Event "Titled Tue 27th May Late"]
[Site "chess.com INT"]
[Date "2025.05.27"]
[Round "6"]
[White "Khalafova, Narmin"]
[Black "Hartge, Gedeon"]
[Result "0-1"]
[WhiteTitle "WGM"]
[BlackTitle "FM"]
[WhiteElo "2248"]
[BlackElo "2328"]
[WhiteFideId "13402625"]
[BlackFideId "12932116"]
[EventDate "2025.05.27"]

1. c4 Nf6 2. Nc3 e5 3. g3 Nc6 4. Bg2 Bc5 5. e3 d6 6. Nge2 a6 7. O-O Bf5 8. d4
Ba7 9. b3 Qd7 10. Bb2 Bh3 11. Qd2 Bxg2 12. Kxg2 h5 13. h4 O-O-O 14. dxe5 dxe5
15. Qxd7+ Rxd7 16. Rad1 Rhd8 17. Rxd7 Rxd7 18. Rd1 Rxd1 19. Nxd1 Kd7 20. Ndc3
Ke6 21. Kf3 Nb4 22. Ng1 Nd3 23. Ba3 Bc5 24. Bxc5 Nxc5 25. Nh3 Nh7 26. e4 f6 27.
Ke3 c6 28. f4 g6 29. Ng1 exf4+ 30. gxf4 g5 31. hxg5 fxg5 32. Nf3 gxf4+ 33. Kxf4
Nd3+ 34. Kg3 Ne5 35. Nd4+ Kd6 36. Kh4 Nf6 37. Kg5 Nfd7 38. Kxh5 Kc5 39. Nf5 Kb4
40. Ne2 Ka3 41. Nd6 b5 42. cxb5 axb5 43. Kg5 Kxa2 44. Nd4 b4 45. Kf5 c5 46. Ne6
Nd3 47. Nf4 Nxf4 48. Kxf4 Kxb3 49. e5 Nxe5 50. Kxe5 c4 51. Kd4 c3 52. Kd3 c2 53.
Kd2 Kb2 54. Nc4+ Kb1 55. Na3+ bxa3 56. Kd3 c1=Q 0-1

[Event "Titled Tue 27th May Late"]
[Site "chess.com INT"]
[Date "2025.05.27"]
[Round "6"]
[White "Cernov, Henrik"]
[Black "Gutkin, Ilya"]
[Result "1/2-1/2"]
[WhiteTitle "FM"]
[BlackTitle "FM"]
[WhiteElo "2325"]
[BlackElo "2320"]
[WhiteFideId "16258312"]
[BlackFideId "16203470"]
[EventDate "2025.05.27"]

1. e4 e6 2. Qe2 e5 3. Nf3 Nc6 4. c3 d5 5. d4 dxe4 6. Nxe5 Nxe5 7. dxe5 Qd5 8.
Bf4 Bf5 9. Nd2 O-O-O 10. Nc4 Ne7 11. Ne3 Qe6 12. g4 Bg6 13. h4 h5 14. Bh3 hxg4
15. Bxg4 Bf5 16. Nxf5 Nxf5 17. Qxe4 g6 18. Bf3 c6 19. Bg5 Be7 20. Bxe7 Qxe7 21.
h5 Rd5 22. e6 gxh5 23. c4 Nd6 24. Qe2 Rc5 25. b3 Qf6 26. O-O-O Qa1+ 27. Kd2
Qxa2+ 28. Ke1 Qxe2+ 29. Kxe2 fxe6 30. Rxd6 Re5+ 31. Kf1 Kc7 32. Rd4 Rf5 33. Rh3
Rhf8 34. Ke2 Re5+ 35. Re4 Rxe4+ 36. Bxe4 Rh8 37. Rh4 Kd6 38. b4 c5 39. bxc5+
Kxc5 40. Bxb7 a5 41. Bf3 a4 42. Rh1 Kxc4 43. Rc1+ Kb3 44. Rc7 a3 45. Rb7+ Kc2
46. Ra7 Kb2 47. Rb7+ Kc2 48. Ra7 Kb2 49. Rb7+ Kc2 1/2-1/2

[Event "Titled Tue 27th May Late"]
[Site "chess.com INT"]
[Date "2025.05.27"]
[Round "6"]
[White "Asish Panda"]
[Black "Sethuraman, Roshan"]
[Result "0-1"]
[WhiteElo "1911"]
[BlackElo "2074"]
[WhiteFideId "45012458"]
[BlackFideId "30965250"]
[EventDate "2025.05.27"]

1. e4 c5 2. Nf3 d6 3. d4 cxd4 4. Qxd4 a6 5. Nc3 Nc6 6. Qd2 g6 7. b3 Bh6 8. Qd3
Bg7 9. Bb2 Nf6 10. O-O-O Ng4 11. Qe2 Nge5 12. Nxe5 Bxe5 13. Kb1 e6 14. g3 Qa5
15. Qe3 Qc5 16. Qd2 b5 17. f4 Bd4 18. Bg2 Bb7 19. Na4 bxa4 20. Bxd4 Nxd4 21.
Qxd4 Qxd4 22. Rxd4 axb3 23. axb3 Ke7 24. Rhd1 Rhd8 25. R1d2 Rac8 26. Kb2 Rc5 27.
c4 a5 28. Ka3 Bc6 29. g4 Rd7 30. h4 e5 31. fxe5 dxe5 32. Rxd7+ Bxd7 33. Bf3 Bc6
34. Rc2 Bb7 35. b4 axb4+ 36. Kxb4 Rc7 37. Rd2 f5 38. gxf5 gxf5 39. Re2 Rd7 40.
Kc3 Kf6 41. Rf2 Rd4 42. c5 f4 43. Re2 Ba6 44. Rf2 Rc4+ 45. Kb3 Rxc5 46. Kb4 Rc4+
47. Ka5 Bb7 48. Rb2 Bxe4 49. Bg4 Rc6 50. Rb8 Bg6 51. h5 Bf7 52. Kb5 Rd6 53. Kc5
Rd5+ 54. Kc6 e4 55. Rb4 Rg5 56. Bd1 f3 57. Kd6 Rd5+ 58. Kc6 Rxd1 59. Rxe4 Bd5+ 0-1

[Event "Titled Tue 27th May Late"]
[Site "chess.com INT"]
[Date "2025.05.27"]
[Round "6"]
[White "Karas, Marek"]
[Black "Hamitevici, Vladimir"]
[Result "1/2-1/2"]
[WhiteTitle "FM"]
[BlackTitle "GM"]
[WhiteElo "2200"]
[BlackElo "2423"]
[WhiteFideId "14928558"]
[BlackFideId "13902393"]
[EventDate "2025.05.27"]

1. d4 a6 2. e4 c6 3. Nd2 d5 4. Ngf3 Bg4 5. c3 e6 6. Be2 Nf6 7. e5 Nfd7 8. O-O c5
9. Re1 Nc6 10. Nf1 Bxf3 11. Bxf3 cxd4 12. cxd4 Qb6 13. Be3 Be7 14. Rb1 O-O 15.
a3 Na5 16. Nd2 Rfc8 17. g3 Qd8 18. h4 b5 19. Kg2 Nc4 20. Nxc4 bxc4 21. b3 c3 22.
Ra1 c2 23. Qd3 Rc6 24. Rec1 Rac8 25. Ra2 Qc7 26. Bd2 h6 27. Qf1 Qb6 28. Qd3 Qc7
29. Qf1 Qa7 30. Qd3 Nf8 31. Be3 Rc3 32. Qd2 Rxb3 33. Rcxc2 Rxc2 34. Rxc2 Bxa3
35. Ra2 Qb7 36. Qa5 Bb2 37. Qxa6 Qxa6 38. Rxa6 Rb4 39. Ra7 Bxd4 40. Bxd4 Rxd4
41. Bh5 g6 42. Be2 Re4 43. Bb5 Rxe5 44. f4 Rf5 45. Bd3 Rf6 46. Kf3 h5 47. Ke3
Kg7 48. Kd4 Nh7 49. Bb5 Rf5 50. Bd3 Nf6 51. Bxf5 gxf5 52. Ra3 Ne4 53. Ke5 Kg6
54. Kd4 Kf6 55. Rb3 Ke7 56. Rb7+ Kf6 57. Rb3 Ke7 58. Rb7+ Ke8 59. Rb3 Kf8 60.
Rb8+ Kg7 61. Rb3 Kg6 62. Ra3 Kf6 63. Rb3 1/2-1/2

[Event "Titled Tue 27th May Late"]
[Site "chess.com INT"]
[Date "2025.05.27"]
[Round "6"]
[White "Moroni, Luca Jr"]
[Black "Le, Quang Liem"]
[Result "1/2-1/2"]
[WhiteTitle "GM"]
[BlackTitle "GM"]
[WhiteElo "2546"]
[BlackElo "2729"]
[WhiteFideId "865834"]
[BlackFideId "12401137"]
[EventDate "2025.05.27"]

1. c4 Nf6 2. Nc3 c5 3. g3 g6 4. Bg2 Bg7 5. Nf3 Nc6 6. d4 cxd4 7. Nxd4 O-O 8. O-O
Qa5 9. Nb3 Qh5 10. e4 d6 11. Qxh5 Nxh5 12. Bd2 Be6 13. Nd5 Rfc8 14. Rab1 Kf8 15.
c5 dxc5 16. Nxc5 b6 17. Nxe6+ fxe6 18. Nc3 Rc7 19. e5 Rd8 20. Nb5 Rcc8 21. Bc3
Nxe5 22. Nxa7 Rc5 23. Rfd1 Rxd1+ 24. Rxd1 Nc4 25. Bb4 Re5 26. b3 Nd6 27. Rxd6
exd6 28. Bxd6+ Kf7 29. Bxe5 Bxe5 30. Nc6 Bd6 31. Kf1 Nf6 32. Ke2 e5 33. Na7 Ke6
34. Nb5 Bc5 35. Nc3 Bd4 36. Nb5 Bc5 37. h3 e4 38. f3 Nh5 39. fxe4 Nxg3+ 40. Kf3
Nh5 41. Nc3 Nf6 42. Ke2 Ke5 43. Kd3 g5 44. Nd5 Ne8 45. b4 Bg1 46. a4 Nd6 47. a5
bxa5 48. bxa5 Nb7 49. a6 Nc5+ 50. Ke2 Nxa6 51. Ne7 Nc5 52. Nc6+ Kf4 53. e5 Ne6
54. Bd5 Kf5 55. Kf3 Nf4 56. Be4+ Ke6 57. Bxh7 Nxh3 58. Kg2 Nf4+ 59. Kxg1 Kd5 60.
Ne7+ Kxe5 61. Ng6+ Nxg6 62. Bxg6 g4 63. Bb1 g3 64. Ba2 g2 65. Bb1 Kf4 66. Ba2
Kg3 67. Bd5 Kh3 68. Bxg2+ 1/2-1/2

[Event "Titled Tue 27th May Late"]
[Site "chess.com INT"]
[Date "2025.05.27"]
[Round "6"]
[White "Shukhman, Anna"]
[Black "Herrera Ortiz, Miguel"]
[Result "1-0"]
[WhiteTitle "WGM"]
[BlackTitle "IM"]
[WhiteElo "2413"]
[BlackElo "2174"]
[WhiteFideId "54180058"]
[BlackFideId "5100550"]
[EventDate "2025.05.27"]

1. e4 e5 2. Nf3 Nc6 3. d4 exd4 4. Nxd4 Nf6 5. Nxc6 bxc6 6. e5 Qe7 7. Qe2 Nd5 8.
h4 h6 9. g3 d6 10. exd6 Qxe2+ 11. Bxe2 cxd6 12. a3 Be7 13. c4 Nb6 14. Be3 Be6
15. Nd2 O-O 16. O-O d5 17. c5 Nd7 18. b4 Bf6 19. Rad1 g5 20. hxg5 hxg5 21. Nf3
Bg4 22. Rfe1 Bxf3 23. Bxf3 Ne5 24. Bg2 Nc4 25. Bd4 Bxd4 26. Rxd4 Rfe8 27. Red1
Nxa3 28. Rg4 f6 29. f4 Nc4 30. Rxd5 cxd5 31. Bxd5+ Kg7 32. fxg5 Ne3 33. gxf6+
Kxf6 34. Rf4+ Kg5 35. Bxa8 Rxa8 36. Re4 Ng4 37. b5 Rc8 38. c6 Rc7 39. Kf1 Nf6
40. Ra4 Kf5 41. Ke2 Ke5 42. Kd3 Nd5 43. Rh4 Nb6 44. Rh5+ Kd6 45. Kd4 Rg7 46.
Rh6+ Kc7 47. Rf6 Rg4+ 48. Ke5 Nc4+ 49. Ke6 Kb6 50. Rf7 Na5 51. c7 Rc4 52. g4 Nb3
53. g5 Nd4+ 54. Kf6 Nf3 55. g6 Rf4+ 56. Kg7 1-0